| LEADER | 01447nam a22002657a 4500 | ||
|---|---|---|---|
| 003 | GR-PaULI | ||
| 005 | 20210525065843.0 | ||
| 007 | ta | ||
| 008 | 180118s2017 gr a|||f m||| 00| 0 eng d | ||
| 040 | |a GR-PaULI |b gre |c GR-PaULI |e AACR2 | ||
| 060 | |a WP 815 | ||
| 100 | 1 | |9 166687 |a Μαρτίνη, Νίκη |e συγγραφέας | |
| 245 | 1 | 0 | |a Breast composition study using ionizing radiation = |b Μελέτη σύστασης μαστού με τη χρήση ιοντιζουσών ακτινοβιολιών / |c Νίκη Μαρτίνη ; Πανεπιστήμιο Πατρών, Τμήμα Ιατρικής. |
| 260 | |a Πάτρα : |b [χ. ό.], |c 2017. | ||
| 300 | |a 99 σ. : |b σχήμ. ; |c 29 εκ. | ||
| 500 | |a Μεταπτυχιακό πρόγραμμα σπουδών στην ιατρική φυσική. | ||
| 502 | |a Διατριβή (διδακτορική) -- Πανεπιστήμιο Πατρών, Πάτρα, 2017. | ||
| 504 | |6 Περιλαμβάνει βιβλιογραφία. | ||
| 650 | 4 | |9 31723 |a Μαστός |x Καρκίνος | |
| 650 | 4 | |a Ακτίνες Χ |9 666 | |
| 710 | 0 | |9 33723 |a Πανεπιστήμιο Πατρών |b Σχολή Επιστημών Υγείας |b Τμήμα Ιατρικής | |
| 942 | |2 nlm |c BKTD | ||
| 952 | |0 0 |1 0 |2 nlm |4 0 |6 WP_815_ΜΑΡ |7 1 |9 219062 |a MEDI |b MEDI |d 2018-01-18 |i Δ/001564 |l 0 |o WP 815 ΜΑΡ |p 025000174571 |r 2018-01-18 00:00:00 |t 1 |v 2018.00 |w 2018-01-18 |y BKTD | ||
| 998 | |c MANIAKH |d 2018 | ||
| 999 | |c 132581 |d 132581 | ||